1413 1648 1676 1165 1534 1932 1141 1474 1943 1956 1931 1990 1294 1314 1802 1900 1097 1846 1533 1601 1585 1034 1598 1314 1546 1670 1506 1078 1921 1770 1666 1936 1217 1538 1793 1817 1672 1103 1360 1811 1688 1384 1139 1994 1855 1781 1432 1285 1498 1398 1962 1668 1065 1904 1189 1332 1193 1070 1177 1392 1827 1553 1890 1908 1661 1679 1521 1255 1119 1012 1873 1186 1060 1398 1320 1271 1963 1405 1663 1240 1619 1946 1265 1727 1359 1694 1084 1298 1136 1383 1486 1604 1478 1301 1322 1464 1459 1081 1610 BCNSPRNW ULIB Ver.6.0+V

เปลี่ยนเป็นภาษาไทย

Change to English
 แสดงรายละเอียดบรรณานุกรม
  กลับหน้าหลัก

Brief Record : Get Marc (ISO 2709) : E-mail record : QR code < ปิดหน้าต่าง
LEADER : 00000nam 2200000uu 4500
001    13399114354
003     ULIB
008    120323s2554||||th 000 0 tha d
020    ^a9789741114306 (ล.1)
060 04 ^aWP100^bน263 ล1
100 0  ^aวีรศักดิ์ วงศ์ถิรพร
245 00 ^aตำรานรีเวชวิทยา เล่ม1/^cบรรณาธิการ, วีรศักดิ์ วงศ์ถิรพร ...
246 14 ^aตำรานรีเวชวิทยา
250    ^aฉบับเรียบเรียงครั้งที่ 3 พิมพ์ครั้งที่ 1
260    ^aกรุงเทพฯ :^bภาควิชาสูติศาสตร์-นรีเวชวิทยา,^c2554
300    ^a2 เล่ม :^bภาพประกอบ ;^c31 ชม.
650  7 ^aนรีเวชวิทยา
650  7 ^aอวัยวะสืบพันธุ์หญิง, โรค
653    ^aผลงานอาจารย์คณะแพทยศาสตร์ศิริราชพยาบาล
700 0  ^aวีรศักดิ์ วงศ์ถิรพร,^eบรรณาธิการ
710 2  ^aมหาวิทยาลัยมหิดล. ^bคณะแพทยศาสตร์ศิริราชพยาบาล.
945    ^p400^l0^i18957
945    ^p400^l0^i18958
945    ^p400^l0^i18959
995    ^aทศพร
999 ^a ใช้งานได้ทุกระบบ
รายการนี้ยังไม่มีแท็ก
คุณยังไม่ได้ล็อกอิน คุณสามารถมีกิจกรรมร่วมกับเว็บไซต์ได้ แต่ต้องล็อกอินก่อน ::
  ล็อกอิน

รายการสื่อสารสนเทศ

ลำดับที่ ประเภท เลขเรียก/บาร์โค้ด สถานที่ สถานะ
1. วิทยาศาสตร์การแพทย์ และสุขภาพ
วิทยาศาสตร์การแพทย์ และสุขภาพ
สถานะ=หนังสือเก่า
WP100 น263 ล1 ฉ.1 
  Barcode: 18957
ห้องสมุดวิทยาเขตนครสวรรค์
►ส่วนจัดเก็บหนังสือเก่า นว.
บนชั้น
  ขอยืม
2. วิทยาศาสตร์การแพทย์ และสุขภาพ
วิทยาศาสตร์การแพทย์ และสุขภาพ
สถานะ=หนังสือเก่า
WP100 น263 ล1 ฉ.2 
  Barcode: 18958
ห้องสมุดวิทยาเขตนครสวรรค์
►ส่วนจัดเก็บหนังสือเก่า นว.
บนชั้น
  ขอยืม
3. วิทยาศาสตร์การแพทย์ และสุขภาพ
วิทยาศาสตร์การแพทย์ และสุขภาพ
สถานะ=หนังสือเก่า
WP100 น263 ล1 ฉ.3 
  Barcode: 18959
ห้องสมุดวิทยาเขตนครสวรรค์
►ส่วนจัดเก็บหนังสือเก่า นว.
บนชั้น
  ขอยืม

รายการใกล้เคียง
    ผู้แต่ง [วีรศักดิ์ วงศ์ถิรพร]

    หัวเรื่อง [นรีเวชวิทยา]
    หัวเรื่อง [อวัยวะสืบพันธุ์หญิง, โรค]

BibComment


ยังไม่เคยถูกคอมเมนท์

คอมเมนท์ทรัพยากรรายการนี้
  คอมเมนท์: ตำรานรีเวชวิทยา ..


 Copyright 2026. Bcnsprnw @Library